LIBRARY & INFORMATION CENTRE, KCAET, TAVANUR

ONLINE PUBLIC ACCESS CATALOGUE (OPAC)

Principles of Agricultural Engineering / (Record no. 3063)

MARC details
000 -LEADER
fixed length control field 00273cam a2200109ua 4500
082 ## - DEWEY DECIMAL CLASSIFICATION NUMBER
Classification number 631.1
Item number MIC/PR
100 ## - MAIN ENTRY--AUTHOR NAME
Personal name Michael, A.M.
245 ## - TITLE STATEMENT
Title Principles of Agricultural Engineering /
260 ## - PUBLICATION, DISTRIBUTION, ETC. (IMPRINT)
Place of publication New Delhi :
Name of publisher Jain Brothers ,
Year of publication 1981.
300 ## - PHYSICAL DESCRIPTION
Number of Pages 640 ; .
942 ## - ADDED ENTRY ELEMENTS (KOHA)
Koha item type Books
Holdings
Withdrawn status Lost status Damaged status Home library Current library Date acquired Full call number Accession Number Koha item type
      KAUAET KAUAET 11/03/1986 631.1 MIC/PR 15011 Books
      KAUAET KAUAET 11/03/1986 631.1 MIC/PR 15012 Books
      KAUAET KAUAET 07/04/2012 631.1 MIC/PR 14283 Books
      KAUAET KAUAET 11/03/1986 631.1 MIC/PR 15006 Books
      KAUAET KAUAET 11/03/1986 631.1 MIC/PR 15020 Books
      KAUAET KAUAET 11/03/1986 631.1 MIC/PR 15013 Books
      KAUAET KAUAET 11/03/1986 631.1 MIC/PR 15015 Books
      KAUAET KAUAET 07/04/2012 631.1 MIC/PR 14282 Books
      KAUAET KAUAET 11/03/1986 631.1 MIC/PR 15010 Books
      KAUAET KAUAET 11/02/1986 631.1 MIC/PR 14848 Books
      KAUAET KAUAET 11/03/1986 631.1 MIC/PR 15003 Books
Withdrawn   Damaged KAUAET KAUAET 07/04/2012 631.1 MIC/PR 14284 Books
      KAUAET KAUAET 11/03/1986 631.1 MIC/PR 15004 Books
      KAUAET KAUAET 07/04/2012 631.1 MIC/PR 14538 Books
      KAUAET KAUAET 07/04/2012 631.1 MIC/PR 14281 Books
free website counter